000
00304nam a22001337a 4500
008
170913b xxu||||| |||| 00| 0 eng d
020
_a
019508442-X
041
_a
eng
080
_a
53
100
_a
43
101
_a
FIZ
245
_a
HANDBOOK OF LIQUID CRYSTAL RESEARCH
_c
COLLINGS,P.J
942
_2
udc
_c
BK
999
_c
27468
_d
27468